| 000 | 00333nam a2200133Ia 4500 | ||
|---|---|---|---|
| 008 | 191201s2011 xx 000 0 und d | ||
| 082 |
_a510 _bISI |
||
| 100 | _aISHAN'S | ||
| 245 | 0 | _aSolution to Engineering Mathematics 3rd Sem. | |
| 260 |
_aN. Delhi _bIshan Publications _c2011 |
||
| 300 | _a374 | ||
| 650 | _aApplied | ||
| 942 |
_2ddc _cBK |
||
| 999 |
_c511 _d511 |
||